Fábulas de América / (Registro nro. 7338)

Detalles MARC
000 -LIDER
fixed length control field 00716nam a2200241 a 4500
001 - NÚMERO DE CONTROL
Identificador de número de control 000008699
003 - IDENTIFICACDOR DE NÚMERO DE CONTROL
control field DO-SdBNP
005 - DATE AND TIME OF LATEST TRANSACTION
control field 20240725133242.0
007 - CAMPOS FIJOS DE DESCRIPCIÓN FÍSICA
fixed length control field 000008699
008 - ELEMENTOS DE LONGITUD FIJA
fixed length control field 090918s 20uu dr a 000 0 spa d
040 ## - FUENTE DE CATALOGACIÓN
Agencia que crea de manera original el registro BPMSU
Idioma de catalogación spa
Agencia que realiza la transcripción BPMSU
082 #4 - NÚMERO DE CLASIFICACIÓN DECIMAL DE DEWEY
Classification number 398.2098
Item number F134a
Edition number 22
245 00 - MENCIÓN DE TITULO
Título Fábulas de América /
Mención de responsabilidad ilustraciones Werner Olmos
260 ## - PUBLICACIÓN, DISTRIBUCIÓN, ETC. (PIE DE IMPRENTA)
Lugar de publicación, distribución, etc Santo Domingo :
Nombre del editor, distribuidor, etc. Susaeta,
Fecha de publicación, distribución, etc
300 ## - DESCRIPCIÓN FÍSICA
Extensión 252 p. :
Otros detalles físicos il.;
Dimensiones 22 cm.
490 0# - MENCIÓN DE SERIES
Mención de serie Biblioteca Susaeta
590 ## - NOTA LOCAL
Texto de la nota local Inventariado, 2024/VM
650 #4 - ENCABEZAMIENTO DE MATERIA--TEMÁTICO
Término temático o nombre geográfico como elemento de entrada Fábulas latinoamericanas
Subdivisión de forma Colecciones
650 #4 - ENCABEZAMIENTO DE MATERIA--TEMÁTICO
Término temático o nombre geográfico como elemento de entrada Escritores latinoamericanos
700 1# - ASIENTO SECUNDARIO -- NOMBRE PERSONAL
Nombre personal Olmos, Werner
Mención de responsabilidad ilustraciones
910 ## - VALIDACIÓN
Validación VMateo V. Control de calidad BPMSU
942 ## - ADDED ENTRY ELEMENTS (KOHA)
Source of classification or shelving scheme Dewey Decimal Classification
Koha item type Libros
Existencias
Withdrawn status Lost status Source of classification or shelving scheme Damaged status Not for loan Collection code Home library Current library Date acquired Total Checkouts Full call number Barcode Date last seen Copy number Price effective from Koha item type
    Dewey Decimal Classification     Colección Infantil Dominicana Biblioteca Pública Metropolitana Salomé Ureña Biblioteca Pública Metropolitana Salomé Ureña 02/04/2015   BPMSU CDI 398.2098 F134a BPMSU15041060 02/04/2015 02/04/2015 Libros
    Dewey Decimal Classification     Colección Infantil Dominicana Biblioteca Pública Metropolitana Salomé Ureña Biblioteca Pública Metropolitana Salomé Ureña 02/04/2015   398.21 F134 BPMSU15041061 02/04/2015 ej.2 02/04/2015 Libros
    Dewey Decimal Classification     Colección Infantil Dominicana Biblioteca Pública Metropolitana Salomé Ureña Biblioteca Pública Metropolitana Salomé Ureña 02/04/2015   398.21 F134 BPMSU15041062 02/04/2015 ej. 3 02/04/2015 Libros